Clinical finals and how to pass them : (Record no. 116939)

MARC details
000 -LEADER
fixed length control field 00676nam a2200229 a 4500
008 - FIXED-LENGTH DATA ELEMENTS--GENERAL INFORMATION
fixed length control field
020 ## - INTERNATIONAL STANDARD BOOK NUMBER
International Standard Book Number 0443073597 (pbk.)
049 ## - LOCAL HOLDINGS (OCLC)
Holding library MAIN
090 ## - LOCALLY ASSIGNED LC-TYPE CALL NUMBER (OCLC); LOCAL CALL NUMBER (RLIN)
Classification number (OCLC) (R) ; Classification number, CALL (RLIN) (NR) R702
Local cutter number (OCLC) ; Book number/undivided call number, CALL (RLIN) CLI
003 - CONTROL NUMBER IDENTIFIER
control field
005 - DATE AND TIME OF LATEST TRANSACTION
control field 20250325184715.0
040 ## - CATALOGING SOURCE
Transcribing agency NUST
245 #0 - TITLE STATEMENT
Title Clinical finals and how to pass them :
Remainder of title OSCEs, short cases and long cases /
Statement of responsibility, etc. Kevin P. Hanretty... [et al.]
250 ## - EDITION STATEMENT
Edition statement 2nd ed.
260 ## - PUBLICATION, DISTRIBUTION, ETC.
Place of publication, distribution, etc. London :
Name of publisher, distributor, etc. Churchill Livingstone,
Date of publication, distribution, etc. 2004.
300 ## - PHYSICAL DESCRIPTION
Extent xviii, 337 p. ;
Dimensions 19 cm.
500 ## - GENERAL NOTE
General note Includes index.
650 ## - SUBJECT ADDED ENTRY--TOPICAL TERM
Topical term or geographic name entry element Medicine.
700 ## - ADDED ENTRY--PERSONAL NAME
Personal name Hanretty, Kevin P.
907 ## - LOCAL DATA ELEMENT G, LDG (RLIN)
a .b10300363
b 18-10-13
c 15-08-11
942 ## - ADDED ENTRY ELEMENTS (KOHA)
Koha item type Ordinary Loan Books
Call number prefix R702
Call number suffix CLI
Koha issues (borrowed), all copies 3
Holdings
Date last seen Total Checkouts Total Renewals Full call number Barcode Date last checked out Cost, replacement price Price effective from Koha item type Lost status Source of classification or shelving scheme Damaged status Not for loan Collection Withdrawn status Home library Current library Shelving location Date acquired Cost, normal purchase price
03/26/2025 3 2 R702 HAN 92004014705 03/25/2025 80.00 01/20/2023 BOOKS   LCC     NFIC   Medical MAIN GEN 01/20/2023 80.00